000 00363nam a2200133Ia 4500
005 20260326100035.0
008 260326s9999||||xx |||||||||||||| ||und||
100 _aDe la Maza, Francisco
245 0 _aEl Churrigueresco en la Ciudad de México /
_cFrancisco De la Maza
260 _bFondo de Cultura Económica
300 _a122 p.
650 _aARTE
942 _cBK
999 _c6764
_d6764